Fundamentos de la enseñanza por ciclos (Registro nro. 62950)
[ vista simple ]
| 000 -LÍDER | |
|---|---|
| Campo fijo de descripción fija | 006540000a22001210004500 |
| 100 1# - ASIENTO PRINCIPAL--NOMBRE PERSONAL | |
| Nombre personal | Tamayo Valencia, Alfonso |
| 245 10 - TÍTULO | |
| Título del Material | Fundamentos de la enseñanza por ciclos |
| 300 ## - DESCRIPCIÓN FÍSICA | |
| Extensión | núm.38 (Abr. - May. , 2009), P. 24 - 29 |
| 650 14 - ASIENTO SECUNDARIO DE MATERIA - TERMINO TEMÁTICO | |
| Término temático o nombre geográfico como elemento de entrada | PEDAGOGIA |
| 773 0# - HOST ITEM ENTRY | |
| Title | Revista internacional magisterio : educación y ped |
| 942 ## - TIPO DE MATERIAL (KOHA) | |
| Tipo de Item KOHA | Artículos de Revista |
| Estado de Material | Estado de Perdido | Estado de Dañado | No para Préstamo | Colección | Biblioteca de Origen | Biblioteca Permanente | Fecha de Adquisición | Total de Préstamos | Signatura Topográfica | Última vez visto | Fecha de Remplazo | Tipo de Material |
|---|---|---|---|---|---|---|---|---|---|---|---|---|
| Colección de Hemeroteca | Biblioteca FUSBC | Biblioteca FUSBC | 26/01/2016 | 26/01/2016 | 26/01/2016 | Artículos de Revista |
